Minecraft Pottery Sherds - Statistics

General Stats
  • This quiz has been taken 42 times
    39 since last reset
  • The average score is 14 of 23
Answer Stats
Picture Answer % Correct
Archer
92%
Heart
92%
Skull
92%
Flow
83%
Arms Up
75%
Angler
67%
Brewer
67%
Explorer
67%
Miner
67%
Danger
58%
Friend
58%
Guster
58%
Heartbreak
58%
Prize
58%
Blade
50%
Burn
50%
Howl
50%
Scrape
50%
Snort
50%
Mourner
42%
Plenty
42%
Sheaf
42%
Shelter
42%
No matching quizzes found
Score Distribution
Percent of People with Each Score
Percentile by Number Answered
Your Score History
You have not taken this quiz since the last reset